Statistics for Finish the Shakespeare Quote

Click here to take the quiz!

General Stats

  • This quiz has been taken 82 times
  • The average score is 3 of 7

Answer Stats

% Correct
Et TuBrute
94%
If music be the food of lovePlay on
79%
Fair is foulFoul is fair
58%
My only love sprungFrom my only hate
31%
Love isBlind
28%
Some rise by sinAnd by virtue fall
6%
Do it not with poisonStrangle her in her bed
1%

Score Distribution

Percentile by Number Answered

Percent of People with Each Score

Your Score History

You have not taken this quiz